00475nam a2200193 a 4500001001300000003000900013005001700022008004100039020000800080082001800088100002100106245002000127260003200147300000900179500003500188505001000223650002700233700002100260nice12345678IN_TiNIC20260116011440.0050524s0000 dela grp 000 0 urd  ac300a891.4397bAZA aAzad, Abul Kalam aTanziyat-E-Azad aDelhibTaj Publishersc0000 a148p aincludes index and biblioraphy2 aindex aUrdu-Literature-humour1 aAzad, Abul Kalam